00575nam a2200133Ia 4500008004100000024004400041082001800085100006600103245006900169260002500238600002700263650003300290856011800323250506s9999 xx 000 0 und d a15B-253-EL, 15B-237-EL & 15B-220-EL a004.92072 SYE aSyed Muhammad Hamza Ghazali, Danial Javed & M. Nouman Khemani 0aUnderwater Audio Communication Using Visible Light Communication aKarachi:bUIT,c2016 aElectronic Engineering aBachelor of Engineering (BE) uhttps://drive.google.com/file/d/1AsBShwwyJB2O9LBu-VsYZgV-gybj1dBT/view?usp=sharingyClick here For Online Reading